Bãi biển cây cọ = Palm Beach

Gardado en:
Detalles Bibliográficos
Autor Principal: Pierre Rey
Formato: Libro
Idioma:Undetermined
Publicado: Hà Nội Văn Học 1998
Những chủ đề:
Các nhãn: Engadir etiqueta
Sen Etiquetas, Sexa o primeiro en etiquetar este rexistro!
Thư viện lưu trữ: Trung tâm Học liệu Trường Đại học Cần Thơ
LEADER 00525nam a2200181Ia 4500
001 CTU_22274
008 210402s9999 xx 000 0 und d
082 |a 843.91 
082 |b R456 
100 |a Pierre Rey 
245 0 |a Bãi biển cây cọ 
245 0 |b = Palm Beach 
245 0 |c Pierre Rey; Dịch giả: Hoài Việt, Phương Hà 
260 |a Hà Nội 
260 |b Văn Học 
260 |c 1998 
650 |a french fiction - 20th century 
980 |a Trung tâm Học liệu Trường Đại học Cần Thơ